00538nam a2200193 i 4500001001100000003000500011005001700016008004100033040002500074100004000099245004800139264004700187300001400234336002100248337002500269338002300294942001000317999001700327C2-0282326PPAK20180728012715.0071004s1996 th |||| ||||| | ara d aPPAKbengcPPAKerda0 aSyeikh Ahmad bin Muhammad, eauthor10aBishaarotul A'milin Wa Nazaarotul Ghoofilin 1aPattani : bKhazanah Al-Fathoniah , c1996 a217 pages 2rdacontentatext 2rdamediaaunmediated 2rdacarrieravolume ddccB c88585d88585